| 000 | 00450cam a2200193ua 4500 | ||
|---|---|---|---|
| 001 | 7140 | ||
| 005 | 20260515114147.0 | ||
| 008 | 141126n ii |||gr||||Z||||||asm | ||
| 040 | _cMAIN | ||
| 041 | _aasm | ||
| 082 | _a370 | ||
| 100 |
_aSarma, M.Kr., _eAuthor. |
||
| 245 |
_aSiksha monovigyan _cBy Mukul Kr. Sarma |
||
| 250 | _a1st. | ||
| 260 |
_aDibrugarh: _bBanalata, _c2012. |
||
| 300 | _a256p. | ||
| 653 | _aEducational psychology | ||
| 942 | _cBK | ||
| 999 |
_c6261 _d6261 |
||